|
|
|
|
| LEADER |
00000nam0a2200000 4500 |
| 001 |
92371 |
| 005 |
20231031104635.0 |
| 035 |
|
|
|a (RuTPU)RU\TPU\book\98974
|
| 090 |
|
|
|a 92371
|
| 100 |
|
|
|a 20060313d1969 k y0rusy50 ca
|
| 101 |
0 |
|
|a rus
|
| 102 |
|
|
|a RU
|
| 105 |
|
|
|a a z 001zy
|
| 200 |
1 |
|
|a Микротрон
|f С. П. Капица, В. Н. Мелехин
|g Академия Наук СССР, Институт физических проблем им. С. И. Вавилова
|
| 210 |
|
|
|a Москва
|c Наука
|d 1969
|
| 215 |
|
|
|a 211 с.
|c ил.
|
| 320 |
|
|
|a Библиогр.: с. 206-209.
|
| 610 |
1 |
|
|a физика
|
| 610 |
1 |
|
|a микротроны
|
| 610 |
1 |
|
|a физические характеристики
|
| 610 |
1 |
|
|a типы
|
| 610 |
1 |
|
|a экспериментальные исследования
|
| 675 |
|
|
|a 539.1.076.611.3
|v 3
|
| 700 |
|
1 |
|a Капица
|b С. П.
|g Сергей Петрович
|
| 701 |
|
1 |
|a Мелехин
|b В. Н.
|g Вадим Николаевич
|
| 712 |
0 |
2 |
|a Академия наук СССР (АН СССР)
|b Институт физических проблем им. С. И. Вавилова
|2 stltpush
|3 (RuTPU)RU\TPU\col\8429
|
| 801 |
|
1 |
|a RU
|b 63413507
|c 20060313
|g PSBO
|
| 801 |
|
2 |
|a RU
|b 63413507
|c 20191021
|g PSBO
|
| 942 |
|
|
|c BK
|